The Christ of the forty days. (Record no. 7611)

000 -LEADER
fixed length control field 00582nam a2200193 a 4500
001 - CONTROL NUMBER
control field :::00005372$&:&@@
003 - CONTROL NUMBER IDENTIFIER
control field OkBaRHE
005 - DATE AND TIME OF LATEST TRANSACTION
control field 20000607103325.0
008 - FIXED-LENGTH DATA ELEMENTS--GENERAL INFORMATION
fixed length control field s1967 j 000 0 eng u
040 ## - CATALOGING SOURCE
Transcribing agency
100 1# - MAIN ENTRY--PERSONAL NAME
Personal name Simpson, A. B.
245 14 - TITLE STATEMENT
Title The Christ of the forty days.
260 ## - PUBLICATION, DISTRIBUTION, ETC. (IMPRINT)
Place of publication, distribution, etc Harrisburg, PA., :
Name of publisher, distributor, etc Christian Publications
Date of publication, distribution, etc 1967
300 ## - PHYSICAL DESCRIPTION
Extent 93 p. ;
Dimensions 20 cm.
650 ## - SUBJECT ADDED ENTRY--TOPICAL TERM
Topical term or geographic name as entry element Jesus Christ Ascension
650 ## - SUBJECT ADDED ENTRY--TOPICAL TERM
Topical term or geographic name as entry element Jesus Christ Resurrection
942 ## - ADDED ENTRY ELEMENTS (KOHA)
Source of classification or shelving scheme
Koha item type Books
Copies
Copy number Date last seen Shelving location Koha item type Date acquired Permanent Location Not for loan Full call number Lost status Withdrawn status Source of classification or shelving scheme Price effective from Barcode Damaged status
12010-04-14General StacksBooks2010-04-14RHEMA Bible Training College BT 481 .S5   2010-04-145372